86 Babynamen der Woche 29/25' - Statistiken

Allgemein
  • Dieses Quiz wurde 4 mal gespielt
  • Das Durchschnittsergebnis liegt bei 30 aus 86
Antwortstatistiken
📍 Vorname % Korrekt
J.y ♀️ Joy
100%
Ac..l.e.s ♂️ Achilleas
75%
Eb..h..d ♂️ Eberhard
75%
El.s.b..h ♀️ Elisabeth
75%
Em.n..l ♂️ Emanuel
75%
Em.l.a ♀️ Emilia
75%
Ev.l.n.e ♀️ Evelynne
75%
F.l.x ♂️ Felix
75%
F.a.z ♂️ Franz
75%
Fr.d.r.k ♂️ Frederik
75%
G.b..e..a ♀️ Gabriella
75%
Gi.v.n.i ♂️ Giovanni
75%
J.m.l ♂️ Jamil
75%
J.l..n ♂️ Julian
75%
Ki.n ♂️ Kian
75%
Le.f ♂️ Leif
75%
L.o ♂️ Leo
75%
Li.m ♂️ Liam
75%
L.l.y ♀️ Lilly
75%
L.c..n ♂️ Lucian
75%
Ma.c.l ♂️ Marcel
75%
M.r.a ♀️ Maria
75%
M.c.e.e ♂️ Michele
75%
Ne.e ♀️ Nele
75%
Ad..n ♂️ Adrian
50%
A.l.h ♂️ Allah
50%
Am.l.o ♂️ Amelio
50%
An.i ♀️ Anni
50%
Ba.d..n ♂️ Balduin
50%
B.n ♂️ Ben
50%
I.a ♀️ Ida
50%
L.n.y ♂️ Lenny
50%
Ma.k.s ♂️ Markus
50%
N.w.o ♂️ Newio
50%
N.o ♂️ Nio
50%
O.k.r ♂️ Oskar
50%
Th.l.a ♀️ Thalia
50%
Th.o ♂️ Theo
50%
Vi.t.r ♂️ Victor
50%
A.s.p ♂️ Aesop
25%
A.a.a ♀️ Amara
25%
Ba.b.r.s ♂️ Barbaros
25%
C.n.y ♀️ Cindy
25%
Cl.o ♀️ Cleo
25%
Co.s.a.t..e ♂️ Constantine
25%
D.l..a ♀️ Dalija
25%
El.o ♂️ Elio
25%
Er.s ♂️ Eros
25%
Gi.a ♀️ Gisa
25%
J.m..a ♀️ Jamila
25%
J.r.n ♂️ Jorin
25%
J.v.n ♂️ Jovan
25%
Ju.o ♀️ Juno
25%
L.m.a ♀️ Lamia
25%
Lu.a ♀️ Luna
25%
Th.n..a ♀️ Thanina
25%
A.i.o ♂️ Amilo
0%
Ar.e..y ♀️ Arietty
0%
A.l.n.a ♀️ Arlinda
0%
Bi.g.o ♂️ Biagio
0%
B.n..e ♀️ Bonnie
0%
Bu.n ♂️ Buan
0%
Ca.l.y ♀️ Cailey
0%
Da.n..a ♀️ Daynera
0%
Di.n ♂️ Dion
0%
En.o ♂️ Endo
0%
F.a..o ♂️ Franjo
0%
Ho.e ♀️ Hope
0%
J.m.l.a ♀️ Jamalia
0%
J.m.a ♀️ Jumna
0%
J.w..r.a ♀️ Juwairia
0%
Ke.d..a ♀️ Kendrea
0%
L.v..d ♂️ Lavand
0%
L.r..a ♀️ Lirika
0%
Ma.l..a ♀️ Marlena
0%
M.y.a ♀️ Mayla | Meyla
0%
M.r.e ♀️ Merle
0%
Mi.a ♂️ Mica
0%
Mi.n..e ♀️ Mientje
0%
Or.a ♀️ Orla
0%
Q.d.r ♂️ Qader
0%
Ra.n.r ♂️ Ragnar
0%
S.l..e ♀️ Salome
0%
Sc.i.c.o ♂️ Schischo
0%
S.l.h ♀️ Selah
0%
T.r.a ♀️ Tirza
0%
Keine übereinstimmenden Quizze gefunden
Verteilung der Resultate
Anzahl Personen mit jedem Resultat
Perzentil nach korrekt beantworteten Fragen
Ihre Resultats-Entwicklung
Sie haben dieses Quiz noch nicht gespielt